History of the French in India (Record no. 552541)
[ view plain ]
| 000 -LEADER | |
|---|---|
| fixed length control field | 00668cam a2200169K 4500 |
| 082 04 - DEWEY DECIMAL CLASSIFICATION NUMBER | |
| Classification number | 954.0294 |
| Author Mark | MAL |
| -- | D |
| 100 1# - MAIN ENTRY--PERSONAL NAME | |
| Personal name | Malleson, G. B. |
| 9 (RLIN) | 49775 |
| 245 10 - TITLE STATEMENT | |
| Title | History of the French in India |
| Remainder of title | from the founding of Pondichery in 1674 to the capture of that place in 1761. |
| Statement of responsibility, etc. | By Colonel G.B. Malleson. |
| 250 ## - EDITION STATEMENT | |
| Edition statement | New ed., carefully compared and rev. |
| 260 ## - PUBLICATION, DISTRIBUTION, ETC. | |
| Place of publication, distribution, etc. | London, |
| Name of publisher, distributor, etc. | W.H. Allen & Co., |
| Date of publication, distribution, etc. | 1893. |
| 300 ## - PHYSICAL DESCRIPTION | |
| Extent | 1 online resource (xi p., 2 l., 614 p.) |
| Other physical details | front., maps. |
| 526 ## - STUDY PROGRAM INFORMATION NOTE | |
| Program name | 0 |
| Interest level | 0 |
| Reading level | 0 |
| Title point value | 954_029400000000000_MAL |
| 650 #0 - SUBJECT ADDED ENTRY--TOPICAL TERM | |
| Topical term or geographic name entry element | French |
| Geographic subdivision | India. |
| 9 (RLIN) | 49776 |
| 650 #0 - SUBJECT ADDED ENTRY--TOPICAL TERM | |
| Topical term or geographic name entry element | MCE |
| 9 (RLIN) | 379 |
| 856 40 - ELECTRONIC LOCATION AND ACCESS | |
| Uniform Resource Identifier | <a href="http://catalog.hathitrust.org/api/volumes/oclc/2042493.html">http://catalog.hathitrust.org/api/volumes/oclc/2042493.html</a> |
| 942 ## - ADDED ENTRY ELEMENTS (KOHA) | |
| Source of classification or shelving scheme | |
| Koha item type | Book |
| Withdrawn status | Lost status | Source of classification or shelving scheme | Damaged status | Not for loan | Permanent Location | Current Location | Shelving location | Date acquired | Total Checkouts | Full call number | Barcode | Date last seen | Price effective from | Koha item type |
|---|---|---|---|---|---|---|---|---|---|---|---|---|---|---|
| Military College of Engineering (MCE) | Military College of Engineering (MCE) | 01/19/2015 | 954.0294 MAL | MCE-ECH-13 | 01/19/2015 | 01/19/2015 | Book |
